00462nam a2200169Ia 4500003000400000005001700004008004100021040000900062082002000071100003000091245004100121260004600162300000800208650001300216942004600229999001700275OSt20201215155522.0190216s9999||||xx |||||||||||||| ||und|| coclc a894.8124bMAR/S aMarar, Kuttikrishna97066 0aSahithya Vidya /cKuttikrishna Marar bMarar Sahithya Prakasam,aCalicut;c1981. a90p aLekhanam cBK2ddch894.8142iMAR/Sk894.8142mMAR/S c25468d25468